000 00654 a2200193 4500
999 _c183074
_d183074
005 20211216101412.0
010 _aENG-130346
020 _c940.00
_a978-81-94991-311
035 _aEN-113878
037 _bDBAD / PUB
082 _a583.930954
100 _aDatta, Anukul
245 _aFascicles of Flora of India Fascicle 30 Apocynaceae:
_cAnukul Data
250 _a2021
260 _bThe Director Botanical Survey of India
_c2021
_aKolkata
270 _bKolkata
_aCGO Complex 3rd MSO Building, Block-F, 5th & 6th Floor, DF-Block, Sector-I, Salt
_e700064
300 _a306p.
_c24cm (hbk)
942 _adpl
_cEN
_2ddc
_h583.930954
_mDAT